| 000 | 01046 a2200217 4500 | ||
|---|---|---|---|
| 003 | Nust | ||
| 005 | 20230123092603.0 | ||
| 010 | _a 83012531 | ||
| 020 | _a0534014593 (pbk.) | ||
| 040 | _cNust | ||
| 082 | 0 | 0 | _a370.285,WIL |
| 245 | 0 | 0 |
_aInstructional software : _bprinciples and perspectives for design and use / _c[edited by] Decker F. Walker, Robert D. Hess. |
| 260 |
_aBelmont, Calif. : _bWadsworth Pub. Co., _cc1984. |
||
| 300 |
_axi, 308 p. : _bill. ; _c24 cm. |
||
| 505 | _aPart 1:- Issuance in the Educational use of Computers (Page-5), Part 2:- Principles of Software design for educational (Page-37), Part 3:- Strategic of Developing Educational Software (Page-95), Part 4:- Evaluating Educational Software (Page-187), Part 5:- Prospects for the Future of Computer Based Education (Page-239). | ||
| 650 | 0 |
_aComputer-assisted instruction _xComputer programs. _9106669 |
|
| 650 | 0 |
_aComputer-assisted instruction. _918499 |
|
| 700 | 1 |
_aHess, Robert D. _9107333 |
|
| 700 | 1 |
_aWalker, Decker F. _9107334 |
|
| 942 |
_2ddc _cBK _k370.285,WIL |
||
| 999 |
_c185790 _d185790 |
||